000 00381nam a2200169Ia 4500
001 8846
003 IN-NITTTR
005 20251114233042.0
008 251113s9999||||xx |||||||||||||| ||eng||
040 _beng
040 _cIN-NITTTR
041 _aeng
082 _a914.7 S69S
100 _aShkanov, Leonid
245 0 _aSoviet way of life. /
_cShkanov, Leonid
942 _2ddc
_cBK
999 _c11483
_d11483